| 000 | 00513cam a2200181ua 4500 | ||
|---|---|---|---|
| 001 | 2018 | ||
| 008 | 110806n ii |||gr||||Z||||||eng | ||
| 040 | _cMAIN | ||
| 082 | _a370.1 | ||
| 100 |
_aChatterjee, S, _q(Saroj Chatterjee). |
||
| 245 | 1 |
_aPrinciples & practice of modern education _cby S. Chatterjee |
|
| 250 | _a1st. | ||
| 260 |
_aCalcutta: _bBook and allied pvt. ltd, _c2006. |
||
| 300 |
_axxi; 483p: _c25cm. |
||
| 653 | _aEducation | ||
| 653 | _aPrinciples & practice of modern education | ||
| 942 | _cBK | ||
| 999 |
_c1890 _d1890 |
||